| 000 | 00523nam a22001577a 4500 | ||
|---|---|---|---|
| 003 | macl | ||
| 005 | 20200705152013.0 | ||
| 008 | 200705b xxu||||| |||| 00| 0 eng d | ||
| 040 | _cmacl | ||
| 082 | _a200 | ||
| 100 |
_aशर्मा ,रचना _978848 |
||
| 245 | _aपुरातन संस्कृति अधुनातन द्रष्टि | ||
| 260 |
_aवाराणसी _bभारतीय विधा संस्थान _c2016 |
||
| 650 |
_aधर्म _978849 |
||
| 942 |
_2ddc _cHIN |
||
| 999 |
_c62555 _d62555 |
||